000 01130nam a22003495b 4500
001 446
003 DO-SdBPM
005 20251120081107.0
007 ta
008 950710s1985 sp a | | ||spa
017 _a
_b
020 _a8434205246
040 _aDO-SdBPM
_bspa
_cBPMSU
_erda
082 4 _a808.068
_bS685j 1985
_222
100 1 _aSolé Vendrell, Carme
_eautor
_4aut.
_d
245 1 4 _aLos jóvenes /
_cCarme Solé Vendrell ; ilustraciones de Josep María Parramon
_h
250 _a
264 _aBogotá, Colombia :
_bParramón Ediciones ,
_c1985
300 _avarias paginaciones. :
_bilustraciones ;
_c20 cm
336 _atexto
_btxt
_2rdacontent
337 _asin mediación
_bn
_2rdamedia
338 _avolumen
_bnc
_2rdacarrier
490 0 _aPrimera Biblioteca de los Niños.
_a
_v
590 _aInventariado, 2025/VM
600 _2
650 7 _aLibros y lectura para niños
_v
650 7 _aLibros ilustrados para niños
_v
650 7 _aCuentos infantiles
_v
700 1 _aParramon, Josep María
_eilustrador
910 _aVMateo V. Control de calidad. BPMSU
942 _2ddc
_cBK
999 _c15519
_d15519